ASSEMBLY PRACTICE (Record no. 585544)
[ view plain ]
| 000 -LEADER | |
|---|---|
| fixed length control field | 00237nam a22001097a 4500 |
| 082 ## - DEWEY DECIMAL CLASSIFICATION NUMBER | |
| Classification number | 670.42 KRY'L |
| 100 ## - MAIN ENTRY--PERSONAL NAME | |
| Personal name | KRYSIN, A,NAUMOV, I |
| 9 (RLIN) | 80649 |
| 245 ## - TITLE STATEMENT | |
| Title | ASSEMBLY PRACTICE |
| 260 ## - PUBLICATION, DISTRIBUTION, ETC. | |
| Place of publication, distribution, etc. | MOSCOW |
| Name of publisher, distributor, etc. | MIR |
| Date of publication, distribution, etc. | 1967 |
| 300 ## - PHYSICAL DESCRIPTION | |
| Extent | 373P |
| 942 ## - ADDED ENTRY ELEMENTS (KOHA) | |
| Koha item type | Book |
| Withdrawn status | Lost status | Damaged status | Not for loan | Permanent Location | Current Location | Shelving location | Date acquired | Total Checkouts | Full call number | Barcode | Date last seen | Price effective from | Koha item type |
|---|---|---|---|---|---|---|---|---|---|---|---|---|---|
| College of Electrical & Mechanical Engineering (CEME) | College of Electrical & Mechanical Engineering (CEME) | General Stacks | 07/10/2017 | 670.42 KRY'L | CEME-4883 | 06/28/2021 | 06/28/2021 | Book |
